Power electronics (Record no. 71565)
[ view plain ]
| 000 -LEADER | |
|---|---|
| fixed length control field | 00657nam a22002057a 4500 |
| 003 - CONTROL NUMBER IDENTIFIER | |
| control field | NUST - PNEC |
| 005 - DATE AND TIME OF LATEST TRANSACTION | |
| control field | 20170116181204.0 |
| 008 - FIXED-LENGTH DATA ELEMENTS--GENERAL INFORMATION | |
| fixed length control field | 160222b xxu||||| |||| 00| 0 eng d |
| 020 ## - INTERNATIONAL STANDARD BOOK NUMBER | |
| International Standard Book Number | 9788185749532 |
| 020 ## - INTERNATIONAL STANDARD BOOK NUMBER | |
| International Standard Book Number | 8185749531 |
| 040 ## - CATALOGING SOURCE | |
| Transcribing agency | LIBRARY |
| 082 ## - DEWEY DECIMAL CLASSIFICATION NUMBER | |
| Classification number | 621.317 GUP |
| 100 ## - MAIN ENTRY--PERSONAL NAME | |
| 9 (RLIN) | 16574 |
| Personal name | Gupta, B.R. |
| 245 ## - TITLE STATEMENT | |
| Title | Power electronics |
| Statement of responsibility, etc. | B.R. Gupta |
| 260 ## - PUBLICATION, DISTRIBUTION, ETC. | |
| Place of publication, distribution, etc. | New Delhi |
| Name of publisher, distributor, etc. | S.K. Kataria & Sons |
| Date of publication, distribution, etc. | c.2014 |
| 300 ## - PHYSICAL DESCRIPTION | |
| Extent | 599 p. : |
| 650 ## - SUBJECT ADDED ENTRY--TOPICAL TERM | |
| 9 (RLIN) | 16575 |
| Topical term or geographic name entry element | Power electronics |
| General subdivision | EE / EL |
| 856 ## - ELECTRONIC LOCATION AND ACCESS | |
| Uniform Resource Identifier | <a href="http://www.amazon.com/Power-Electronics-B-R-Gupta/dp/8185749531/ref=sr_1_1?s=books&ie=UTF8&qid=1456117976&sr=1-1&keywords=9788185749532">http://www.amazon.com/Power-Electronics-B-R-Gupta/dp/8185749531/ref=sr_1_1?s=books&ie=UTF8&qid=1456117976&sr=1-1&keywords=9788185749532</a> |
| 942 ## - ADDED ENTRY ELEMENTS (KOHA) | |
| Source of classification or shelving scheme | |
| Koha item type | Book |
| Withdrawn status | Lost status | Source of classification or shelving scheme | Damaged status | Not for loan | Permanent Location | Current Location | Shelving location | Date acquired | Source of acquisition | Cost, normal purchase price | Total Checkouts | Full call number | Barcode | Date last seen | Date last checked out | Cost, replacement price | Price effective from | Koha item type |
|---|---|---|---|---|---|---|---|---|---|---|---|---|---|---|---|---|---|---|
| Pakistan Navy Engineering College (PNEC) | Pakistan Navy Engineering College (PNEC) | 12/03/2015 | Royal Book Company / Lib Grant | 486.00 | 1 | 621.317 GUP | PNECLIB-032529 | 11/17/2016 | 07/11/2016 | 486.00 | 12/03/2015 | Book |
